|
|
|
|
| LEADER |
00000nam0a2200000 4500 |
| 001 |
208240 |
| 005 |
20231101225441.0 |
| 010 |
|
|
|a 9785222186749
|
| 035 |
|
|
|a (RuTPU)RU\TPU\book\227317
|
| 090 |
|
|
|a 208240
|
| 100 |
|
|
|a 20120201d2011 m y0rusy50 ca
|
| 101 |
0 |
|
|a rus
|a eng
|
| 102 |
|
|
|a RU
|
| 105 |
|
|
|a a j 001zy
|
| 200 |
1 |
|
|a Английский язык для сферы туризма и гостиничного бизнеса
|d English for tourism and hotel industry
|e [практическое пособие]
|f В. А. Бейзеров
|
| 210 |
|
|
|a Ростов-на-Дону
|c Феникс
|d 2011
|
| 215 |
|
|
|a 347 с.
|c ил.
|
| 225 |
1 |
|
|a Без репетитора
|
| 320 |
|
|
|a Библиогр.: с. 343-345.
|
| 330 |
|
|
|a Предлагаемое практическое пособие структурно состоит из 32 уроков, приложений. Каждый урок включает оригинальный текст или диалог (диалоги) для чтения, перевода и последующего анализа и обсуждения, поурочный словарь, а также ряд заданий (от простого к сложному). Практическое пособие "Английский язык для сферы туризма и гостиничного бизнеса" предназначено для работников сферы туризма и гостиничного бизнеса, работников сферы услуг, студентов высших учебных заведений, обучающихся по специальностям туристического профиля ("Туризм и гостиничное дело", "Маркетинг в сфере туризма"). Материалы книги могут также быть использованы студентами экономических и лингвистических специальностей вузов (при изучении курсов "Деловой английский язык", "Английский язык"). Данное пособие может быть рекомендовано для использования в ссузах (для студентов соответствующих специальностей), а также для использования на факультативных занятиях в гимназиях и лицеях.
|
| 510 |
1 |
|
|a English for tourism and hotel industry
|z eng
|
| 606 |
1 |
|
|a Английский язык
|x Учебные руководства и пособия
|x Учебные руководства и пособия для высшей школы
|2 stltpush
|3 (RuTPU)RU\TPU\subj\29071
|9 52483
|
| 610 |
1 |
|
|a лексика
|
| 610 |
1 |
|
|a профессиональные тексты
|
| 610 |
1 |
|
|a профессиональный английский язык
|
| 610 |
1 |
|
|a туризм
|
| 610 |
1 |
|
|a гостиничный бизнес
|
| 610 |
1 |
|
|a переводы
|
| 610 |
1 |
|
|a устная речь
|
| 610 |
1 |
|
|a упражнения
|
| 610 |
1 |
|
|a грамматика
|
| 686 |
|
|
|a Ш143.21-923
|v LBC/SL-A
|2 rubbk
|
| 700 |
|
1 |
|a Бейзеров
|b В. А.
|g Владислав Александрович
|
| 801 |
|
1 |
|a RU
|b 63413507
|c 20120201
|
| 801 |
|
2 |
|a RU
|b 63413507
|c 20120711
|g RCR
|
| 900 |
|
|
|a Английский язык
|
| 942 |
|
|
|c BK
|
| 959 |
|
|
|a 12/20120201
|d 1
|e 333,20
|f ЧЗИЛ:1
|